Países en la Unión Europea - Estadísticas

Estadísticas generales
  • Esta prueba ha sido intentada 13.828 veces
    13.545 desde el último reinicio
  • La puntuación promedio es 24 de 27
Estadísticas de respuestas
País % Correcto
España
99%
Alemania
98%
Francia
98%
Italia
95%
Portugal
95%
Bélgica
93%
Suecia
93%
Países Bajos
91%
Polonia
91%
Austria
90%
Estonia
90%
Finlandia
90%
Grecia
90%
Croacia
89%
Dinamarca
89%
Irlanda
89%
Letonia
89%
Lituania
89%
Eslovaquia
86%
Eslovenia
86%
Hungría
86%
Rumania
86%
Luxemburgo
85%
Bulgaria
84%
República Checa
83%
Malta
76%
Chipre
63%
No se encontraron pruebas coincidentes
Distribución de puntuación
Porcentaje de gente con cada puntuación
Porcentaje por número respondido
Historial de tus puntuaciones
No has intentado esta prueba desde el último reinicio